LEADER 01212nam0-2200397---450 001 990005722230203316 005 20190403125014.0 035 $a000572223 035 $aUSA01000572223 035 $a(ALEPH)000572223USA01 035 $a000572223 100 $a20070716d1979----|||y0itaa50------ba 101 $aita 102 $ait 105 $a0 00||| 200 1 $aCes esclaves sont des hommes$elotta abolizionista e letteratura negrofila nella Francia del Settecento$fCarminella Biondi$gprefazione di Corrado Rosso 210 $aPisa$cGoliardica$d1979 215 $aIX, 314 p.$d25 cm. 225 2 $aStudi e testi$v55 410 0$12001$aStudi e testi$v55 606 $aSCHIAVITU'$xABOLIZIONISMO$xFRANCIA$xSEC. 18.$2F 620 $dPISA 676 $a326 700 1$aBIONDI,$bCarminella$0158719 702 1$aROSSO,$bCorrado 801 0$aIT$bSA$c20111219 912 $a990005722230203316 950 0$aDipar.to di Filosofia - Salerno$dDFCC 326 BIO$e1002 FIL 951 $aCC 326 BIO$b1002 FIL 959 $aBK 969 $aFIL 979 $c20121027$lUSA01$h1526 979 $c20121027$lUSA01$h1615 996 $aCes esclaves sont des hommes$9138274 997 $aUNISA NUM $aSA0021353